00451 2200169 4500001002100000005001500021035002000036245005000056100001900106300002600125260004300151082001000194084001600204020002100220600002300241990001700264INLIS00000000000090720250515095022 a0010-05250000481 aThe Little Book Of Skin care /cCharlotte Cho0 aCho, Charlotte a204 hlm ;c18 X 20 cm aJakarta :bPT Remaja Rosdakarya,c2019 a613.4 a613.4 CHO t a978-623-00-004-1 4aRahasia Kecantikan a3290/PP/2025